000 00668nab a2200181 4500
001 244442
003 OSt
005 20250710073130.0
007 tu
008 200917s2020|||||||
040 _aDE-2950
_cDE-2950
245 0 0 _aBund bremst Forderungen nach zweiter Brücke aus
_bGrenzkontrollen. Wer in der Doppelstadt wohnt, weiß um den regelmäßigen Verkehrsinfarkt in Slubice. Eine Einschätzung der Regierung zum Dauerstau sorgt jetzt für Verwunderung/
_cLisa Larossa
264 _c2024
653 _aFrankfurt (Oder)
653 _aZweite Brücke
773 0 _g36. Jahrgang (2025) Nr. 152 vom 03.07.2025, S. 13 mit Foto
_tMärkische Oderzeitung
942 _2z
_cA
999 _c373875
_d373875